Dogs at work /

"Introduces eleven breeds of dogs that have worked for people in the past and that continue to be used in different but equally important ways."

Bibliographic Details
Main Author: McCloy, James
Other Authors: Beatty, Sheila
Format: Book
Language:English
Published: New York : Crown Publishers, [1979]
Subjects:

MARC

Tag First Indicator Second Indicator Subfields
LEADER 00000pam a2200000 i 4500
001 in00000062510
005 20151007082956.0
008 781026s1979 nyua j 00110 eng
010 |a  78024558  
020 |a 0517534088 
035 |a (OCoLC)04505308 
035 |9 AAF8673AM 
040 |a DLC  |c DLC  |d TXA  |d UtOrBLW 
049 |a [Curr Col] TXAM  |c [980994] 
050 0 0 |a SF428.2  |b .M32 1979 
082 0 |a 636.73 
100 1 |a McCloy, James. 
245 1 0 |a Dogs at work /  |c by James McCloy ; illustrated by Sheila Beatty. 
264 1 |a New York :  |b Crown Publishers,  |c [1979] 
264 4 |c ©1979 
300 |a 74 pages :  |b illustrations ;  |c 28 cm. 
336 |a text  |b txt  |2 rdacontent 
337 |a unmediated  |b n  |2 rdamedia 
338 |a volume  |b nc  |2 rdacarrier 
500 |a Includes index. 
520 |a "Introduces eleven breeds of dogs that have worked for people in the past and that continue to be used in different but equally important ways." 
650 0 |a Working dogs  |v Juvenile literature. 
650 0 |a Dog breeds  |v Juvenile literature. 
650 1 |a Working dogs. 
650 1 |a Dog breeds. 
700 1 |a Beatty, Sheila. 
999 |a MARS 
999 f f |s 00c468d8-b300-34a4-8bcd-beb921376d2e  |i a2f9ee71-135b-3685-8316-f8ec69469507  |t 0 
952 f f |p ric  |a Texas A&M University  |b Rellis Campus  |c Joint Library Facility  |d Remote Storage  |t 0  |e SF428.2 .M32 1979  |h Library of Congress classification  |i unmediated -- volume  |m A14800259444 
998 f f |a SF428.2 .M32 1979  |t 0  |l Remote Storage